Statystyki dla QUIZ NAPISZ DO 40 I NAPISZ ALFABET

Kliknij tutaj aby rozwiązać quiz!

Ogólne statystyki

  • Ten quiz został rozwiązany 54 razy
  • Średni wynik to 48 z 63

Statystyki odpowiedzi

ILEOdpowiedź% Poprawnych
11
100%
22
100%
33
98%
44
98%
55
95%
66
95%
77
95%
88
95%
99
95%
1010
90%
1111
90%
1212
90%
1313
90%
1414
88%
1515
88%
1616
88%
1717
88%
1818
88%
1919
88%
2020
88%
2121
88%
2222
85%
2323
83%
2424
83%
2525
83%
2626
80%
2727
80%
2828
80%
2929
80%
3030
80%
3131
80%
3232
80%
3333
80%
3434
80%
3535
80%
3636
80%
3737
80%
3838
80%
3939
80%
4040
78%
AA
63%
BB
63%
CC
63%
DD
61%
EE
61%
FF
61%
GG
61%
HH
59%
II
59%
JJ
59%
KK
59%
LL
59%
MM
59%
NN
54%
OO
54%
PP
54%
RR
49%
SS
49%
TT
49%
UU
46%
WW
46%
YY
46%
ZZ
46%

Rozkład punktacji

Percentyl według liczby udzielonych odpowiedzi

Procent ludzi z każdym wynikiem

Twoja historia wyników

Nie rozwiązałeś tego quizu